The Sinister Six - Statistics

General Stats
  • This quiz has been taken 41 times
  • The average score is 6 of 6
Answer Stats
Picture Answer % Correct
Doctor Octopus
100%
Electro
100%
Sandman
100%
Mysterio
97%
The Vulture
97%
Kraven the Hunter
94%
No matching quizzes found
Score Distribution
Percent of People with Each Score
Percentile by Number Answered
Your Score History
You have not taken this quiz